Adjustment of property losses.

Bibliographic Details
Main Author: Reed, Prentiss B.
Format: Book
Language:English
Published: New York : Mc-Graw Hill, 1953.
Edition:2d ed.
Series:McGraw-Hill insurance series.
Subjects:

MARC

Tag First Indicator Second Indicator Subfields
LEADER 00000cam a2200000 4500
001 in00000055249
005 20151008052209.0
008 760406s1953 nyu 00000 eng
010 |a  52013012  
035 |a (OCoLC)02097486 
035 |9 AAH2171AM 
040 |a DLC  |c TOL  |d TXA  |d UtOrBLW 
049 |a TXAM 
050 0 0 |a HG9721  |b .R4 1953 
082 0 |a 368.1014 
092 |a 368.1  |b R325a2 
100 1 |a Reed, Prentiss B. 
245 1 0 |a Adjustment of property losses. 
250 |a 2d ed. 
264 1 |a New York :  |b Mc-Graw Hill,  |c 1953. 
300 |a 667 pages ;  |c 21 cm. 
336 |a text  |b txt  |2 rdacontent 
337 |a unmediated  |b n  |2 rdamedia 
338 |a volume  |b nc  |2 rdacarrier 
490 1 |a McGraw-Hill insurance series 
500 |a First edition published in 1929 under title: Adjustment of fire losses. 
650 0 |a Fire insurance claims. 
830 0 |a McGraw-Hill insurance series. 
999 |a MARS 
999 f f |s c8d51ba5-cdb3-3ea3-a39a-a459db2ec058  |i d5646d5d-9751-30d1-968e-204e3a9ab6cd  |t 0 
952 f f |p ric  |a Texas A&M University  |b Rellis Campus  |c Joint Library Facility  |d Remote Storage  |t 0  |e HG9721 .R4 1953  |h Library of Congress classification  |i unmediated -- volume  |m A14800815915 
998 f f |a HG9721 .R4 1953  |t 0  |l Remote Storage